000 00563nam a2200181Ia 4500
999 _c14595
_d14595
003 OSt
005 20201022093652.0
008 190216s9999||||xx |||||||||||||| ||und||
020 _a9788192125497
040 _coclc
082 _a821.91409954
_bDOM/C
100 _aDominic, K V
_96008
245 0 _aCritical Perspectives On The Poetry Of R K Singh, D C Chambial And I K Sharma /
_cK.V Dominic
260 _bAccess,
_c2011.
_aDelhi:
300 _a340p
650 _aEnglish
942 _cBK
_2ddc
_h821.91409954
_iDOM/C
_k821.91409954
_mDOM/C